| 000 | 00478nam a22001697a 4500 | ||
|---|---|---|---|
| 005 | 20170807113857.0 | ||
| 008 | 170807b xxu||||| |||| 00| 0 eng d | ||
| 022 | _a17294193 | ||
| 040 | _cPK-LaUMT | ||
| 082 |
_aZIAC 297.05 _bFAT-I |
||
| 100 | _aFathi Hassan | ||
| 245 |
_aIslamiyat Al Marifah _bJournal of Contemporary Islamic Thought _cFathi Hassan |
||
| 260 |
_aUSA _bThe International Institute of Islamic Thought _c2012 |
||
| 300 | _a214 p | ||
| 546 | _aARA | ||
| 942 | _cBK | ||
| 999 |
_c96595 _d96595 |
||